01448nam a2200361Ia 4500001001200000003000800012006001900020007001500039008004100054010001700095020002800112020003500140020001800175020001800193040002100211035002100232050002300253082001900276245015400295260004800449300004300497504005100540533015200591650002900743650003700772651004500809655002900854700001600883700002900899710001700928856012600945999001501071ebr10699035CaPaEBRm o u cr cn|||||||||050314s2005 njuab sb 001 0 eng d z 2005041822 z9812563210 (alk. paper) z9812563326 (pbk. : alk. paper) z9789812563217 z9789812775191 aCaPaEBRcCaPaEBR a(OCoLC)83412921014aVA620b.B47 2005eb04a355/.0330522204aThe best of times, the worst of timesh[electronic resource] :bmaritime security in the Asia-Pacific /ceditors, Joshua Ho, Catherine Zara Raymond. aHackensack, NJ :bWorld Scientific,cc2005. axvi, 294 p. :bill. (some col.), maps. aIncludes bibliographical references and index. aElectronic reproduction.bPalo Alto, Calif. :cebrary,d2013.nAvailable via World Wide Web.nAccess may be limited to ebrary affiliated libraries. 0aNational securityzAsia. 0aNational securityzPacific Area. 0aPacific Coast (Asia)xStrategic aspects. 7aElectronic books.2local1 aHo, Joshua.1 aRaymond, Catherine Zara.2 aebrary, Inc.40uhttp://site.ebrary.com/lib/rucke/Doc?id=10699035zAn electronic book accessible through the World Wide Web; click to view c6579d6579